000 00600nam a22001937a 4500
003 OSt
005 20180116183031.0
008 151221b xxu||||| |||| 00| 0 eng d
020 _a05-714-2004-1
024 _205-714-2004-1
040 _cLahore LUMS
082 _a174.4 LUM 2004
100 _aKhanum B, Qureshi Z I
245 _aDIARY OF A SOCIAL MOBILIZER: GOING UP THE LADDER
_cKhanum B, Qureshi Z I
260 _aLahore LUMS
_b Lahore University of Management Sciences
_c2004
300 _a14 p.
_bPapers
440 _aDIARY OF A SOCIAL MOBILIZER: GOING UP THE LADDER
942 _2ddc
_cCS
999 _c351027
_d351027